skbl

Dr Suryya Kumar Bhuyan Library Web-OPAC
ডঃ সূৰ্য্য
কুমাৰ ভূঞা পুথিভঁৰাল ৱেব-অ'পেক

All Research Scholars are advised to clear the annual library fees to continue using Library Resources, Remote Access, Plagiarism Test and Library Clearance.

Cotton University Book Fair 2026

Modern Business Administration / (Record no. 7830)

MARC details
000 -LEADER
fixed length control field 00833nam a2200301Ia 4500
001 - CONTROL NUMBER
control field 7843
005 - DATE AND TIME OF LATEST TRANSACTION
control field 20240113234037.0
007 - PHYSICAL DESCRIPTION FIXED FIELD--GENERAL INFORMATION
fixed length control field ta
008 - FIXED-LENGTH DATA ELEMENTS--GENERAL INFORMATION
fixed length control field 050713s1975 g b000 u eng u
020 ## - INTERNATIONAL STANDARD BOOK NUMBER
Terms of availability HB
040 ## - CATALOGING SOURCE
Original cataloging agency Cotton College,Assam
041 ## - LANGUAGE CODE
Language code of text/sound track or separate title eng
082 ## - DEWEY DECIMAL CLASSIFICATION NUMBER
Classification number 322.3
Item number H 256 M
100 ## - MAIN ENTRY--PERSONAL NAME
Personal name Hartman, R.I. .
245 #0 - TITLE STATEMENT
Title Modern Business Administration /
Statement of responsibility, etc. R.I. Hartman, T.P. Hogan & J.T. Wholihan.
Medium Textual Documents
250 ## - EDITION STATEMENT
Edition statement 1st ed. /
260 ## - PUBLICATION, DISTRIBUTION, ETC.
Place of publication, distribution, etc. Bombay :
Name of publisher, distributor, etc. D.B. Taraporevala Sons & Co ,
Date of publication, distribution, etc. 1975.
300 ## - PHYSICAL DESCRIPTION
Extent 421p. ;
Dimensions 25cm.
653 ## - INDEX TERM--UNCONTROLLED
Uncontrolled term Political Science
653 ## - INDEX TERM--UNCONTROLLED
Uncontrolled term Business administration
653 ## - INDEX TERM--UNCONTROLLED
Uncontrolled term Administration-business
653 ## - INDEX TERM--UNCONTROLLED
Uncontrolled term PG-Political Science
700 ## - ADDED ENTRY--PERSONAL NAME
Personal name Hogan, T.P. .
700 ## - ADDED ENTRY--PERSONAL NAME
Personal name Wholihan, J.T..
942 ## - ADDED ENTRY ELEMENTS (KOHA)
Source of classification or shelving scheme Dewey Decimal Classification
Koha item type Books
Holdings
Withdrawn status Lost status Damaged status Not for loan Collection Home library Current library Date acquired Coded location qualifier Total checkouts Full call number Barcode Date last seen Copy number Price effective from Koha item type
          Dr. Suryya Kumar Bhuyan Library Dr. Suryya Kumar Bhuyan Library 01/02/2012 00000   322.3 H 256 M 80121 13/01/2024 1 01/02/2012 Books

Designed and Maintained by Team SKBL
©1901-2026

Powered by Koha